Psicometría : teoría de los test psicológicos y educativos
Guardat en:
| Autor principal: | |
|---|---|
| Format: | Llibre |
| Idioma: | espanyol |
| Publicat: |
Madrid.
Síntesis.
2005.
|
| Matèries: | |
| Etiquetes: |
Afegir etiqueta
Sense etiquetes, Sigues el primer a etiquetar aquest registre!
|
MARC
| LEADER | 00000nam a22000005a 4500 | ||
|---|---|---|---|
| 001 | 21004 | ||
| 003 | CL-ChBUA | ||
| 005 | 20120815103802.0 | ||
| 008 | 070301s2005 sp 000 0 spa | ||
| 020 | |a 8477382719 | ||
| 040 | |a CL-ChBUA |c CL-ChBUA | ||
| 082 | 0 | 0 | |a 155.284 |
| 090 | |c 21004 |d 21004 | ||
| 100 | 1 | |a Martínez Arias, Rosario. | |
| 245 | 1 | 0 | |a Psicometría : |b teoría de los test psicológicos y educativos |
| 260 | |b Síntesis. |a Madrid. |c 2005. | ||
| 300 | |a 815 p., 23 cm. |c 815 p., 23 cm. | ||
| 504 | |a Indice. | ||
| 650 | 4 | |a TEST PSICOLÓGICOS. | |
| 650 | 4 | |a TEST - TEORÍA. | |
| 650 | 4 | |a TEST EDUCATIVOS. | |
| 942 | |c LIB | ||
| 952 | |0 0 |1 0 |4 0 |7 0 |9 28495 |a UNACH |b UNACH |c 100 |d 2007-03-05 |i 39.869. |l 5 |o 155.284 / M 385. |p 29494 |r 2026-04-09 16:38:43 |s 2026-04-06 |u 28495 |w 2012-08-08 |y LIB |k 155.284 / M 385. | ||
| 999 | |c 21004 |d 21004 | ||